| 000 | 010660000a22001330004500 | ||
|---|---|---|---|
| 001 | 13426 | ||
| 041 | 0 | _aSPA | |
| 082 | 0 | 4 | _aAV 0059 |
| 245 | 1 | 0 | _aEllos y nosotros / COMIBAM International |
| 300 | _a50 Pag | ||
| 500 | _aFolleto | ||
| 505 | 0 | 0 | _a- Hijos de quijotes. La realidad particular de los hijos de los misioneros / Guillermo David Teylor - Los hijos y el dilema / Lorena calderón - Influir en los niños / James Dobson - Y de los que se pierden, ¿quién se preocupa? / Federico A. Bertuzzi - Cuidando el alma y el cuerpo en la Amazonia / Mauricio Harvey - Otra herramienta para mantener el reto entre nosotros / Emilio Antonio Núñez - El mandato cultural / Rodolfo Girón - Crónica de una expulsión tan temida - A través de un par de zapatos... ahora envían a un misionero / Carlos Calderón - ¿Porqué se vuelven algunos? / Jonatán P. Lewis - La historia de Gladys Aylward - Una perspectiva diferente, una estrategia inusual / Patricio Paredes - Los últimos días de maná / H. Ladislao Leiva - Las fortalezas a vencer / Nell Anderson |
| 942 | _cBK | ||
| 999 |
_c42404 _d42404 |
||